Riconosci il Pokémon - Quiz n°3 - Statistics

Statistiche generali
  • Questo quiz è stato fatto 48 volte
  • Il punteggio medio è 8 su 10
Statistiche sulle risposte
Indizio Risposta % Corretto
Generazione Quinta
100%
Tipo Erba / Veleno
98%
Stadio evoluzione Prima evoluzione
83%
Abilità Spargispora; Rigenergia
81%
Altezza 0,6 m
74%
Peso 10,5 kg
71%
Sesso 50% ♂, 50% ♀
71%
Tasso di cattura 75 (17.5%)
67%
Tasso di allevamento Medio-Veloce
64%
Pokémon Amoonguss
62%
Nessun quiz corrispondente trovato
Distribuzione punteggi
Percentuale di utenti per punteggio
Percentile per numero di risposta
I tuoi punteggi nel tempo
Non hai fatto questo quiz